| 000 | 00488nam a2200157Ia 4500 | ||
|---|---|---|---|
| 999 |
_c979 _d979 |
||
| 003 | OSt | ||
| 005 | 20210906140801.0 | ||
| 008 | 210906b ||||| |||| 00| 0 eng d | ||
| 040 | _coclc | ||
| 082 |
_a892.78 _bALW/A |
||
| 100 |
_98787 _aAl Wahtari, Mohammed Basheer Bin Abd |
||
| 245 |
_aAl Wajeez / _cMohammed Basheer Bin Abd Al Wahtari |
||
| 260 |
_aTirurangadi Book Stall, _bTirurangadi: _c2003. |
||
| 300 | _a48p | ||
| 942 |
_2ddc _cBK _h892.78 _iALW/A _k892.78 _mALW/A |
||